000 00747nam a2200241 a 4500
001 BRCA_6683
005 20190320205543.0
008 131011s19091920gw-#######---#000-0#ger-#
041 _ager
044 _agw
050 4 _aQH366
_b.B64 1909
100 1 _aBölsche, Wilhelm
_d1861-1939
_916359
245 1 0 _aAuf dem Menschenstern
_bGedanken zu Natur und Kunst
_cvon Wilhelm Bölsche.
260 _aDresde, Alemania
_bCarl Reissner
_c1909
300 _a2 v.
_c22 cm.
500 _aEstado físico: v.2. la cubierta posterior se esta desprendiendo
500 _aL207
505 0 _aContenido: v.1. Publicado en 1909.-- v.2. Publicado en 1920
650 1 4 _aEvolución
_916651
650 1 4 _aHombre
_xOrigen
_916653
902 _aGFM
942 _2lcc
_cB
999 _c6366
_d6366